000 01020cam a2200133 4500500
005 20251214002751.0
041 _afre
042 _adc
100 1 0 _aAmiel, Vincent
_eauthor
245 0 0 _aEsthétique du montage
260 _bArmand Colin,
_c2022.
520 _aAssocier des images en un certain ordre, les agencer selon un certain rythme, créer des ruptures ou des continuités, tel est l’art du montage.L’auteur trace un captivant panorama des différentes conceptions du montage tout au long de l’histoire du cinéma et propose une analyse de cette technique au cœur de nombreux domaines de représentations audio-visuelles.À travers de multiples exemples de montage de films, notamment ceux d’Orson Welles, de Maurice Pialat ou encore de Martin Scorsese, il montre en quoi l’évolution des techniques et des pratiques de montage influe naturellement sur l’esthétique des films.
856 4 1 _uhttps://shs.cairn.info/esthetique-du-montage--9782200630034?lang=fr&redirect-ssocas=7080
999 _c1567385
_d1567385